| 000 | 01078cam a22003493a 4500 | ||
|---|---|---|---|
| 001 | 4259 | ||
| 003 | FISKH | ||
| 005 | 20251114100848.0 | ||
| 008 | 010523s2000 nyua b 000 1 eng d | ||
| 010 | _a 2002567922 | ||
| 020 | _a0439204208 (pbk.) | ||
| 040 |
_aJJG _cJJG _dSLC _dDLC _beng |
||
| 042 | _alccopycat | ||
| 050 | _aQR57 | ||
| 082 | _a579 | ||
| 100 | 1 | _aCapeci, Anne. | |
| 245 | 1 | 4 |
_aThe giant germ / _c[written by Anne Capeci ; illustrations by John Speirs]. |
| 260 |
_aNew York : _bScholastic, _c2000. |
||
| 300 |
_a76 pages : _billustrations : _c20 cm |
||
| 490 | 0 |
_aMagic school bus science chapter book ; _vBook 6 |
|
| 505 | _aQ | ||
| 520 | _aMiss Frizzle's class discovers the world of microbes. | ||
| 521 | 8 |
_a660
_bLexile |
|
| 521 | 8 |
_aQ
_bRaz-Plus |
|
| 650 | 0 |
_aMicroorganisms _vJuvenile literature. |
|
| 650 | 0 |
_aMicrobiology _vJuvenile literature. |
|
| 655 | 7 |
_aChildren's stories. _2lcsh |
|
| 700 | 1 |
_aSpeirs, John. _eillustrator |
|
| 906 |
_a7 _bcbc _ccopycat _d2 _encip _f20 _gy-genrareb |
||
| 942 |
_2ddc _cBK _n0 |
||
| 999 |
_c4259 _d4259 |
||